000 00629nam a2200169Ia 4500
008 090711s9999 xx 000 0 und d
082 _b31791
100 _aपराडकर ना. बा.
245 _aसायकलSाी निगा व दुरुस्ती
260 _bउद्यम प्रकाशन
_c1975
300 _a170
600 _aपराडकर ना. बा.
630 _aसायकलSाी निगा व दुरुस्ती
700 _aपराडकर ना. बा.
730 _aसायकलSाी निगा व दुरुस्ती
942 _cBOOK
999 _c328938
_d328938